| 000 | 01578nam a22004457a 4500 | ||
|---|---|---|---|
| 001 | 000095121 | ||
| 003 | CHAP | ||
| 005 | 20220329143057.0 | ||
| 008 | 060125d2004 mx r 00110 spa d | ||
| 010 | _a91587 | ||
| 011 | _a92559 | ||
| 020 | _a9707530200 | ||
| 035 | _a103124 | ||
| 040 | _cCHAP | ||
| 090 | _aFolleto 17120 | ||
| 100 | 1 |
_aSaucedo Sánchez de Tagle, Eduardo Rubén. _9102734 |
|
| 245 | 1 | 0 |
_aTepehuanes del norte / _c/por Eduardo Rubén Saucedo Sánchez de Tagle. |
| 260 |
_aMéxico, D. F. : _bComisión Nacional para el Desarrollo de los Puelos Indígenas, _c2004. |
||
| 300 |
_a31 p. : _bilus. |
||
| 410 | 0 | 0 | _aPueblos Indígenas del México Contemporáneo |
| 590 |
_aBATCH-UPD _b10 _c20130110 _lUCH01 _h0630 |
||
| 590 |
_aBATCH-UPD _b10 _c20130110 _lUCH01 _h2307 |
||
| 590 |
_aBATCH-UPD _b10 _c20130410 _lUCH01 _h0313 |
||
| 590 |
_aBATCH-UPD _b10 _c20130914 _lUCH01 _h1631 |
||
| 590 |
_aBATCH-UPD _b10 _c20140827 _lUCH01 _h0949 |
||
| 590 |
_aBATCH-UPD _b10 _c20140903 _lUCH01 _h0814 |
||
| 590 |
_aCONVERSION _b10 _c20130109 _lUCH01 _h1351 |
||
| 590 |
_aE11695DGD _b10 _c20140903 _lUCH01 _h0813 |
||
| 650 | 1 | 4 |
_aTepehuanes _xEconomía. _9128195 |
| 650 | 1 | 4 |
_aTepehuanes _xHistoria. _9128196 |
| 650 | 1 | 4 |
_aTepehuanes _xOrnanizacion social. _9128194 |
| 650 | 1 | 4 |
_aTepehuanos _xReligión. _9127706 |
| 650 | 1 | 4 |
_aTepehuanos _xVida social y costumbres. _9127705 |
| 830 | 0 |
_aPueblos Indígenas del México Contemporáneo _992892 |
|
| 901 | _aBK | ||
| 905 | _aLilia | ||
| 942 | _cFOLL | ||
| 942 | _n0 | ||
| 949 |
_aFolleto 17120 _bBC _cFOLL _d33724000968301 _eTS1 _i103124 _sb |
||
| 999 |
_c91587 _d91587 |
||